Представление документа в формате RUSMARC

ПолеНазваниеЗначение
  Тип записи c
  Библиографический уровень m
001 Контрольный номер UONB/NOTY/f048885c554448399c032c30a5da8ea3
005 Дата корректировки 20251118160936.6
010 Индекс ISBN __
9 Тираж 25000 экз.
013 Номер (ISMN) __
d Цена 43 к.
071 Издательские номер (звукозапись и ноты) 21
a Номер, присвоенный агентством 2023
100 Данные общей обработки __
a Данные общей обработки 20220706g1976 u##y0rusy0189## ca
101 Язык документа 0_
a Язык текста rus
f Язык титульного листа rus
102 Страна публикации __
a Страна публикации RU
125 Кодированные данные звукозаписи и нотных изданий __
a Форма изложения нотного текста с
128 Кодированные данные (звукозаписи-физические характеристики) __
a Кодированные данные: Музыкальная форма и тональность или лад sg
c Инструменты или голоса, рекомендуемые для солистов (устаревшее) vu
200 Заглавие и сведения об ответственности 1_
a Заглавие Вып. 11
f Первые сведения об ответственности сост. А. Васильев
203 Вид содержания и тип средства __
a Вид содержания Музыка
b Характеристика содержания знаковая
c Тип средства непосредственная
210 Выходные данные 1_
d Дата издания 1976
215 Физическое описание __
a Объем 34 с. включ. обл.
327 Примечание о содержании 11
a Примечание о содержании Содерж. : Журбин А. Как в России песни поют / сл. М. Ромма. - Кузинер Э. Даешь! / сл. М. Ромма. - Успенский В. Будь самим собой : песня из кф. "Призвание" / сл. И. Резника. - Запольский Д. Память земли / сл. А. Рекубратского ; пер. с укр. Б. Пчелинцева. - Васильев А. От тебя до меня / сл. А. Азизова. - Дубравин Я. Наше танго / сл. В. Гина ; Мне повезло / сл. М. Рябинина. - Морозов А. Речка / сл. В. Гина ; Прописные истины / сл. М. Рябинина.
461 Уровень набора _0
1 2001
a Поющие гитары
b Ноты
e песни из репертуара вок.-инструм. ансамбля
e для голоса [ансамбля] с фп. [и букв.-цифр. обозначением]
v Вып. 11
1 2101
a Л.
c Музыка
d 1971 -
1 001UONB/NOTY/81adac9626ce47afb0df047894e4433d
1 215
d 29 см
1 71002
a "Поющие гитары"
c вокально-инструментальный ансамбль
4 590
464 Аналитический уровень _0
1 700 1
a Журбин
b А.
1 702 1
a Ромм
b М.
4 520
1 2001
a Как в России песни поют
1 036
t Кто услышал хоть раз, как в России поют...
464 Аналитический уровень _0
1 700 1
a Кузинер
b Э.
1 702 1
a Ромм
b М.
4 520
1 2001
a Даешь!
1 036
t Даешь Каховку!..
464 Аналитический уровень _0
1 700 1
a Успенский
b В.
1 702 1
a Резник
b И.
4 520
1 2001
a Будь самим собой
e песня из кф. "Призвание"
1 036
t Если ударит случай наповал...
1 50010
a Призвание
i Будь самим собой
464 Аналитический уровень _0
1 700 1
a Запольский
b Д.
1 702 1
a Рекубратский
b А.
4 520
1 702 1
a Пчелинцев
b Б.
4 730
1 2001
a Память земли
1 036
t Пролегла, распласталась...
464 Аналитический уровень _0
1 700 1
a Васильев
b А.
1 702 1
a Азизов
b А.
4 520
1 2001
a От тебя до меня
1 036
t От тебя до меня...
464 Аналитический уровень _0
1 700 1
a Дубравин
b Я.
1 702 1
a Гин
b В.
4 520
1 2001
a Наше танго
1 036
t Мне танцевать с тобой и трудно, и легко...
464 Аналитический уровень _0
1 700 1
a Дубравин
b Я.
1 702 1
a Рябинин
b М.
4 520
1 2001
a Мне повезло
1 036
t Говорят: злые люди есть...
464 Аналитический уровень _0
1 700 1
a Морозов
b А.
1 702 1
a Гин
b В.
4 520
1 2001
a Речка
1 036
t Там, где ива-деревце в речку клонится...
464 Аналитический уровень _0
1 700 1
a Морозов
b А.
1 702 1
a Рябинин
b М.
4 520
1 2001
a Прописные истины
1 036
t Не надо в любви советовать...
512 Заглавие обложки 1_
a Заглавие обложки Поющие гитары
606 Тематические рубрики 0_
a Основная рубрика Песни советских композиторов
x Основная подрубрика Из репертуара
x Основная подрубрика Эстрадные ансамбли
x Основная подрубрика Популярные песни
610 Ключевые слова 0_
a Ключевые слова песни советских композиторов; популярные песни; из репертуара; "Поющие гитары", вокально-инструментальный ансамбль
686 Индексы других классификаций __
a Классификационный индекс 85.943.4-42-041.5я43
a Классификационный индекс 85.952.18я43
a Классификационный индекс 85.952,8
702 Вторичная интеллектуальная ответственность _1
a Фамилия Васильев
b Имя (инициалы) А. Н.
g Полное личное имя Анатолий Николаевич
4 Код отношения 220
801 Источник записи _0
a Страна RU
b Организация Ульяновская ОНБ
c Дата составления 20220706
g Правила каталогизации RCR
801 Источник записи _1
a Страна RU
b Организация Ульяновская ОНБ
c Дата составления 20220706
g Правила каталогизации RCR
901 Тип документа __
t Тип документа n
w Контрольный № источника UONB/NOTY/81adac9626ce47afb0df047894e4433d
909 Создатель записи __
a Создатель записи Грязнова И. Е.